Statystyki dla Quiz o Burkinie Faso

Kliknij tutaj aby rozwiązać quiz!

Ogólne statystyki

  • Ten quiz został rozwiązany 683 razy
  • Średni wynik to 10 z 15

Statystyki odpowiedzi

WskazówkaOdpowiedź% Poprawnych
Państwa graniczące z Burkiną FasoNiger
93%
Państwa graniczące z Burkiną FasoMali
92%
Państwo Europy, który skolonizowało Burkina Faso w latach 1896–1960Francja
91%
Państwa graniczące z Burkiną FasoGhana
90%
Państwa graniczące z Burkiną FasoTogo
90%
Państwa graniczące z Burkiną FasoWybrzeże Kości Słoniowej
90%
Państwa graniczące z Burkiną FasoBenin
88%
StolicaWagadugu
67%
Włókno, które stanowi 31% eksportuBawełna
66%
Metal, który stanowi 47% eksportuZłoto
65%
Dawna nazwa Burkina FasoGórna {Wolta}
48%
Półpustynny region poniżej Sahary, który przebiega przez
północ Burkiny Faso
Sahel
46%
Statystyki edukacyjne, które wzrosły z 9% do 41% w ciągu ostatnich 40 latOdsetek {analfabetyzmu}
42%
Najczęściej używany język ojczysty
(wskazówka: zaczyna się na literę M)
Mossi
21%
Rewolucjonista znany jako "afrykański” Che GuevaraThomas Sankara
21%

Rozkład punktacji

Percentyl według liczby udzielonych odpowiedzi

Procent ludzi z każdym wynikiem

Twoja historia wyników

Nie rozwiązałeś tego quizu